| 000 | 00702nam a2200217 a 4500 | ||
|---|---|---|---|
| 999 |
_c10412 _d10412 |
||
| 001 | 10412 | ||
| 003 | BD-JhCC | ||
| 005 | 20211013134021.0 | ||
| 008 | 180425s20032017xxu |||| |||| 000 0 brn d | ||
| 035 | _a(BD-JhCC)10412 | ||
| 040 |
_aBD-JhCC _dBD-JhCC |
||
| 041 | _aben | ||
| 082 |
_a395.54 _bUSM 2017 |
||
| 100 | _aউসমানী, মাওলানা তাকী | ||
| 245 |
_aখাওয়ার আদব / _cমাওলানা তাকী উসমানী |
||
| 260 |
_aঢাকা : _bআকিক পাবলিকেশন্স, _c২০১৭. |
||
| 300 |
_a৮০ পৃ. : _c১৯ সেমি. |
||
| 650 | _aTable etiquette | ||
| 650 | _aEating | ||
| 942 |
_2ddc _cBK _01 |
||